000 00963cam a2200277 a 4500
001 000018723
005 20200929165840.0
008 840213s1983 ag b 000 0 spa d
020 _a950370006X
040 _aDO-SdBNP
_bspa
_cLC
_dBNPHU
050 0 0 _aF3031.5
_b.C37 1983
082 _ann*
_bC268m
100 1 _aCardoso, Oscar R.
_q(Oscar Raul)
_940412
245 1 0 _aMalvinas, la trama secreta /
_cO. R. Cardoso, R. Kirschbaum y E. van der Kooy.
260 _aBuenos Aires, Argentina :
_bSudamericana/Planeta,
_c1983.
300 _a366 p. ;
_c23 cm.
490 1 _aEspejo de Argentina
504 _aIncluye referencias bibliográficas.
650 0 _aFalkland islands war, 1982.
_940413
650 0 _aFalkland islands war, 1982
_xDiplomatic history.
_940414
700 1 _aKirschbaum, R.
_q(Ricardo)
_940415
700 1 _aKooy, E. Van Der.
_q(Eduardo)
_940416
830 0 _aEspejo de Argentina
_940417
910 _aCatalogación derivada / LC
049 _aBNGR
999 _c18243
_d18243